| 000 | 00508nam a2200217Ia 4500 | ||
|---|---|---|---|
| 008 | 170918s9999 xx 000 0 und d | ||
| 020 | _a9789810931773 | ||
| 050 | _bS795je 2015 | ||
| 100 | _aWatson, Jude | ||
| 245 | _aJedi apprentice : | ||
| 245 | _bthe mark of the crown / | ||
| 245 | _cby Jude Watson. | ||
| 260 | _aNew York : | ||
| 260 | _bScholastic, | ||
| 260 | _c2015 | ||
| 300 | _a131 pages : | ||
| 300 | _billustrations : | ||
| 300 | _c19cm. | ||
| 300 | _eStar wars. | ||
| 500 | _a570 | ||
| 999 |
_c344156 _d344156 |
||